00646nam a2200205Ia 450000500170000000800410001702000150005808200130007310000240008624501000011026000280021030000170023865000130025565000260026865000120029465000150030694200060032195200980032799900150042520240614014402.0240331s9999 xx 000 0 und d a0415170826 bSEVa362 aSevenhuijsen, Selma 0aCitizenship and the ethics of care :bfeminist considerations on justice, morality and politics aLondonbRoutledgec1998 aix, 198 p ., aFeminist aMorality and politics aJustice aCaregivers cL 001040708LaWERCLbWERCLcSSCd2024-03-31l0o 362.04 SEVp4256r2024-03-31w2024-03-31yL c2876d2876